00291nam a2200109Ia 4500008004100000041000800041082001500049100001300064245004300077260005200120300000900172220803s9999 xx 000 0 und d aeng a891.46 SOV aSovani S aLove Jihad : Dabalele Bhayanak Vastvya b"Bhartiya Vichar Sadhana Prakashan, Pune"c2013 a96 p